000 00560nam a2200181Ia 4500
003 GCL
008 140319s9999 xx 000 0 ara d
040 _aGCL /
_cGCL
082 0 4 _a823
_bف ا
100 1 _aفرانكو، باميلا
245 1 0 _aايزابل /
_cفرانكو، باميلا
260 _a[S.N] :
_bدار الثقافة العربية
490 _a
650 0 4 _aالقصة الانجليزية المترجمة
650 0 4 _aالادب الانجليزى
650 0 4 _aالادب الانجليزى المترجم
942 _2ddc
_cBK
999 _c29148
_d29148